Airlines am Flughafen Wien - Statistiken

Allgemein
  • Dieses Quiz wurde 175 mal gespielt
  • Das Durchschnittsergebnis liegt bei 18 aus 60
Antwortstatistiken
Airline % Korrekt
Lufthansa
93%
Austrian Airlines
83%
Ryanair
80%
Ryanair UK
80%
Emirates
72%
British Airways
67%
SWISS
67%
Air France
62%
Eurowings
57%
KLM
56%
Iberia
53%
Turkish Airlines
50%
Wizz Air Hungary
47%
Wizz Air Malta
47%
LOT Polish Airlines
46%
Air China
45%
Etihad Airways
44%
TAP Air Portugal
44%
Norwegian Air
41%
Finnair
39%
Qatar Airways
37%
Brussels Airlines
36%
Air Canada
33%
Air India
32%
Aegean Airlines
31%
Aer Lingus
29%
airBaltic
28%
ANA
28%
Korean Air
28%
SunExpress
28%
Pegasus Airlines
27%
EVA Air
26%
Air Serbia
24%
Egyptair
24%
Vueling
22%
Luxair
21%
China Airlines
20%
Ethiopian Airlines
20%
El Al
18%
Transavia France
14%
Tunisair
14%
Corendon Airlines
12%
Croatia Airlines
12%
Air Cairo
11%
Jet2
10%
AJet
9%
Smartwings
9%
Air Arabia
8%
Air Algerie
7%
Hainan Airlines
7%
Volotea
7%
Freebird Airlines
6%
Azerbaijan Airlines
4%
Georgian Airways
4%
KM Malta Airlines
4%
Sky Express
4%
Nesma Airlines
2%
Nile Air
1%
People´s
0%
TUS Airways
0%
Keine übereinstimmenden Quizze gefunden
Verteilung der Resultate
Anzahl Personen mit jedem Resultat
Perzentil nach korrekt beantworteten Fragen
Ihre Resultats-Entwicklung
Sie haben dieses Quiz noch nicht gespielt